Catálogo

Descubrimiento de un busto humano en los ojos de la Virgen de Guadalupe / (Registro nro. 67779)

Detalles MARC
000 -LEADER
fixed length control field 01037cam a2200277 i 4500
001 - CONTROL NUMBER
control field 67779
003 - CONTROL NUMBER IDENTIFIER
control field Mx-PuUPA
005 - DATE AND TIME OF LATEST TRANSACTION
control field 20230705134450.0
008 - FIXED-LENGTH DATA ELEMENTS--GENERAL INFORMATION
fixed length control field 180116s1999 mx a gr 000 0 spa d
040 ## - CATALOGING SOURCE
Original cataloging agency MX-PuUPA
Language of cataloging spa
Description conventions rda
Transcribing agency Mx-PuUPA
Modifying agency Mx-PuUPA
041 1# - LANGUAGE CODE
Language code of text/sound track or separate title spa
Language code of original nah
245 10 - TITLE STATEMENT
Title Descubrimiento de un busto humano en los ojos de la Virgen de Guadalupe /
Statement of responsibility, etc. Carlos Salinas, [editor] ; prólogo de José María Abascal Carranza
250 ## - EDITION STATEMENT
Edition statement 3a. edición
264 #1 - PRODUCTION, PUBLICATION, DISTRIBUTION, MANUFACTURE, AND COPYRIGHT NOTICE
Place of production, publication, distribution, manufacture México, D.F. :
Name of producer, publisher, distributor, manufacturer Editorial Tradición,
Date of production, publication, distribution, manufacture, or copyright notice 1999
300 ## - PHYSICAL DESCRIPTION
Extent 153 páginas :
Other physical details ilustraciones, facsímiles, diagramas ;
Dimensions 23 cm.
336 ## - CONTENT TYPE
Content type term texto
Fuente rdacontent
Content type code txt
337 ## - MEDIA TYPE
Media type term sin medio
Source rdamedia
Media type code n
338 ## - CARRIER TYPE
Carrier type term volumen
Source rdacarrier
Carrier type code nc
546 ## - LANGUAGE NOTE
Language note Texto en español y náhuatl.
600 14 - SUBJECT ADDED ENTRY--PERSONAL NAME
Personal name Virgen de Guadalupe
General subdivision Apariciones y milagros
700 1# - ADDED ENTRY--PERSONAL NAME
Personal name Salinas, Carlos,
Relator term editor
9 (RLIN) 366
700 1# - ADDED ENTRY--PERSONAL NAME
Personal name Abascal Carranza, José María,
Relator term prologuista
942 ## - ADDED ENTRY ELEMENTS (KOHA)
Classification part 232.917
Item part D445
Koha item type Libro
Source of classification or shelving scheme Dewey Decimal Classification
Existencias
Withdrawn status Lost status Source of classification or shelving scheme Damaged status Not for loan Collection code Home library Current library Shelving location Date acquired Total Checkouts Full call number Barcode Date last seen Price effective from Koha item type
    Dewey Decimal Classification     General Biblioteca Karol Wojtyla Biblioteca Karol Wojtyla Sala general 11/04/2023   232.917 D445 1999 98428 17/07/2023 11/04/2023 Libro